Nora, Baráthová: Nepokojné mesto

Bibliographic Details
Main Author: Lenčo, Ján, 1933-2012 (Author)
Format: Article
Language:Slovak
Subjects:

MARC

LEADER 00000nab a2200000 a 4500
001 vtls000119976
003 SK-MaSNL
005 20260304073704.0
008 250423c1982 xo 0 slo
015 |a SNBRB19rr/mm-uuuuu 
035 |a CL0130081 
035 |a urn:nbn:sk:snk-abejqi 
035 |a (urnnbn)urn:nbn:sk:snk:ar-000hyz 
035 |a (uuid)eed14a17-712e-4bbf-b208-6ce9d3cdf0a4 
040 |a SNKBUCL  |b slo  |c SNKBUCL  |e AACR2 
041 0 |a slo 
044 |a xo  |c SK 
080 |a 82.09:885.4-3(048)  |2 1981 
080 |a 885.4-3(048)  |2 1981 
100 1 |a Lenčo, Ján,  |d 1933-2012  |4 aut  |9 103758 
245 1 0 |a Nora, Baráthová: Nepokojné mesto  |c Ján Lenčo 
650 0 7 |a historické romány  |2 snkbucl  |9 286777 
650 0 7 |a bulharské prózy  |2 snkbucl  |9 1270889 
655 7 |a recenzie  |2 snkbucl  |9 21907 
655 7 |a články z novín a časopisov  |2 snkbucl  |9 267496 
655 7 |a články z odboru literárna veda a krásna literatúra  |2 snkbucl  |9 770045 
773 0 |t Slovenské pohľady  |g Roč. 98, č. 4 (1982), s. 116-119 
787 0 8 |i Rec.:  |a Nora Baráthová,  |t Nepokojné mesto  |d Bratislava : Slovenský spisovateľ, 1981 
850 |a Slovenská národná knižnica 
852 |a Slovenská národná knižnica 
954 |a odborná, vedecká literatúra pôvodná (slovenská)  |2 lita 
958 |a article27 
958 |a RK 
958 |a LX 
958 |a OND 
958 |a EUIPO 
958 |a RC 
992 |a RBX 
999 |c 2772821  |d 2774751